| 000 | 00867cam a22001934a 4500 | ||
|---|---|---|---|
| 005 | 20250605164108.0 | ||
| 008 | 250528s ||||||||||||||||||||||||d | ||
| 035 | _a17803 | ||
| 020 | _a9781630912680 | ||
| 040 |
_aGR-AtMCL _bgre _dGR-AtMCL _eAACR2 |
||
| 245 | 1 | _aThe Psychology of Aphasia / A Practical Guide for Health Care Professionals | |
| 260 |
_bSlack Incorporated, _c2017 |
||
| 300 | _a118 | ||
| 520 | _aAn enlightening tool to bridge the gap between theoretical and practical issues in treating actual patients. Dedication, Acknowledgements, Foreword, Introduction, Aphasia and Related Disorders, Psychology of Aphasia and Brain Damage, Psychology of Aphasia: Defense Mechanisms and Coping Styles, Psychology of Aphasia: The Grief Response, Glossary, Index. | ||
| 700 | 1 |
_aTanner Dennis C _94061 |
|
| 942 | _cBK | ||
| 999 |
_c3203 _d3203 |
||